00388nam a2200145 a 450000100060000000300090000600800410001504000280005608200150008410000250009924500290012426000530015330000150020665000210022111311CO-ViMGA141112s2004 ck r 000 u spa d aCO-ViMGAbspacCO-ViMGA04a834.8 N4371 aNietzsche, Friedrich10aAsí habló Zaratustra aSantafé de Bogotá : bPanAméricana, c1993 a356 p : il14aENSAYOS ALEMANES